| 000 | 03882nam a22006135i 4500 | ||
|---|---|---|---|
| 001 | 978-3-319-44260-0 | ||
| 003 | DE-He213 | ||
| 005 | 20210118121449.0 | ||
| 007 | cr nn 008mamaa | ||
| 008 | 170531s2017 gw | s |||| 0|eng d | ||
| 020 |
_a9783319442600 _9978-3-319-44260-0 |
||
| 024 | 7 |
_a10.1007/978-3-319-44260-0 _2doi |
|
| 050 | 4 | _aQ342 | |
| 072 | 7 |
_aUYQ _2bicssc |
|
| 072 | 7 |
_aTEC009000 _2bisacsh |
|
| 072 | 7 |
_aUYQ _2thema |
|
| 082 | 0 | 4 |
_a006.3 _223 |
| 245 | 1 | 0 |
_aInformation Technology and Computational Physics _h[electronic resource] / _cedited by Piotr Kulczycki, László T. Kóczy, Radko Mesiar, Janusz Kacprzyk. |
| 250 | _a1st ed. 2017. | ||
| 264 | 1 |
_aCham : _bSpringer International Publishing : _bImprint: Springer, _c2017. |
|
| 300 |
_aVIII, 255 p. 102 illus., 65 illus. in color. _bonline resource. |
||
| 336 |
_atext _btxt _2rdacontent |
||
| 337 |
_acomputer _bc _2rdamedia |
||
| 338 |
_aonline resource _bcr _2rdacarrier |
||
| 347 |
_atext file _bPDF _2rda |
||
| 490 | 1 |
_aAdvances in Intelligent Systems and Computing, _x2194-5357 ; _v462 |
|
| 505 | 0 | _aPart I: Intelligent Computing and Data Analysis -- Part II: Information Systems and Image Processing -- Part III: Computational Physics and Applied Mathematics. | |
| 520 | _aA broad spectrum of modern Information Technology (IT) tools, techniques, main developments and still open challenges is presented. Emphasis is on new research directions in various fields of science and technology that are related to data analysis, data mining, knowledge discovery, information retrieval, clustering and classification, decision making and decision support, control, computational mathematics and physics, to name a few. Applications in many relevant fields are presented, notably in telecommunication, social networks, recommender systems, fault detection, robotics, image analysis and recognition, electronics, etc. The methods used by the authors range from high level formal mathematical tools and techniques, through algorithmic and computational tools, to modern metaheuristics. | ||
| 650 | 0 | _aComputational intelligence. | |
| 650 | 0 | _aArtificial intelligence. | |
| 650 | 0 | _aPhysics. | |
| 650 | 1 | 4 |
_aComputational Intelligence. _0http://scigraph.springernature.com/things/product-market-codes/T11014 |
| 650 | 2 | 4 |
_aArtificial Intelligence. _0http://scigraph.springernature.com/things/product-market-codes/I21000 |
| 650 | 2 | 4 |
_aNumerical and Computational Physics, Simulation. _0http://scigraph.springernature.com/things/product-market-codes/P19021 |
| 700 | 1 |
_aKulczycki, Piotr. _eeditor. _4edt _4http://id.loc.gov/vocabulary/relators/edt |
|
| 700 | 1 |
_aKóczy, László T. _eeditor. _4edt _4http://id.loc.gov/vocabulary/relators/edt |
|
| 700 | 1 |
_aMesiar, Radko. _eeditor. _4edt _4http://id.loc.gov/vocabulary/relators/edt |
|
| 700 | 1 |
_aKacprzyk, Janusz. _eeditor. _4edt _4http://id.loc.gov/vocabulary/relators/edt |
|
| 710 | 2 | _aSpringerLink (Online service) | |
| 773 | 0 | _tSpringer eBooks | |
| 776 | 0 | 8 |
_iPrinted edition: _z9783319442594 |
| 776 | 0 | 8 |
_iPrinted edition: _z9783319442617 |
| 830 | 0 |
_aAdvances in Intelligent Systems and Computing, _x2194-5357 ; _v462 |
|
| 856 | 4 | 0 | _uhttps://doi.org/10.1007/978-3-319-44260-0 |
| 912 | _aZDB-2-ENG | ||
| 999 |
_c445159 _d445159 |
||
| 942 | _cEB | ||
| 506 | _aAvailable to subscribing member institutions only. Доступно лише організаціям членам підписки. | ||
| 506 | _fOnline access from local network of NaUOA. | ||
| 506 | _fOnline access with authorization at https://link.springer.com/ | ||
| 506 | _fОнлайн-доступ з локальної мережі НаУОА. | ||
| 506 | _fОнлайн доступ з авторизацією на https://link.springer.com/ | ||